Caspian Sea Countries Quiz Stats

 Plays Quiz Updated Nov 27, 2018

     
Support Sporcle.
Go Orange.
Score 0/5 Timer 01:00
6 Plays Today
Country % Correct
Russia
94%
Iran
86.6%
Kazakhstan
82.2%
Azerbaijan
81%
Turkmenistan
78.7%

From the Vault

4-Letter TV Women

by El_Dandy

Who needs lots of letters and syllables? Not these ladies!
Remove Ads.
Support Sporcle.
Get the best of Sporcle when you Go Orange. This ad-free experience offers more features, more stats, and more fun while also helping to support Sporcle. Thank you for becoming a member.

Show Comments

Extras

Top Quizzes Today


Score Distribution

Your Account Isn't Verified!

In order to create a playlist on Sporcle, you need to verify the email address you used during registration. Go to your Sporcle Settings to finish the process.

Report this User

Report this user for behavior that violates our Community Guidelines.

Details: